[Event "GER-ch U10"]
[Site "Willingen"]
[Date "2018.05.24"]
[Round "8"]
[White "Moeller, Maurin"]
[Black "Strehse, Nelson"]
[Result "1-0"]
[WhiteElo "1500"]
[BlackElo "1486"]
[PlyCount "47"]
[EventDate "2018.05.19"]
[EventType "swiss"]
[EventRounds "11"]
[EventCountry "GER"]
[SourceTitle "CBM 184 Extra"]
[Source "ChessBase"]
[SourceDate "2018.06.28"]
[SourceVersion "1"]
[SourceVersionDate "2018.06.28"]
[SourceQuality "1"]

1. e4 c5 2. Nc3 g6 3. f4 Bg7 4. Bc4 Nc6 5. Nf3 d6 6. d3 Nf6 7. 0-0 0-0 8. Bd2 a6 9. a4 Bd7 10. Qe1 Be6 11. Bxe6 fxe6 12. Qh4 Nh5 13. Ng5 Bf6 14. Qh3 Bd4+ 15. Kh1 Rf6 16. g4 h6 17. gxh5 hxg5 18. fxg5 Rxf1+ 19. Rxf1 gxh5 20. Qxe6+ Kh8 21. Qh6+ Kg8 22. g6 Bf6 23. Qh7+ Kf8 24. Qf7# 1-0

[Event "GER-ch U10"]
[Site "Willingen"]
[Date "2018.05.22"]
[Round "5"]
[White "Strehse, Nelson"]
[Black "Kieselbach, Jannik"]
[Result "1-0"]
[WhiteElo "1486"]
[BlackElo "1397"]
[PlyCount "93"]
[EventDate "2018.05.19"]
[EventType "swiss"]
[EventRounds "11"]
[EventCountry "GER"]
[SourceTitle "CBM 184 Extra"]
[Source "ChessBase"]
[SourceDate "2018.06.28"]
[SourceVersion "1"]
[SourceVersionDate "2018.06.28"]
[SourceQuality "1"]

1. e4 c6 2. d4 d5 3. f3 e6 4. Nc3 Bd6 5. Be3 Nd7 6. Bd3 Qb6 7. Rb1 Qc7 8. g3 b6 9. Nge2 Bb7 10. 0-0 c5 11. Nb5 Qc6 12. Nxd6+ Qxd6 13. Bf4 Qc6 14. exd5 exd5 15. c3 c4 16. Bf5 Ngf6 17. Be5 Nxe5 18. dxe5 Nd7 19. Nd4 Qc5 20. f4 Nb8 21. Kh1 Nc6 22. e6 f6 23. Qh5+ Kd8 24. Rfe1 Ne7 25. Qf7 g6 26. Qxf6 Kc7 27. Qe5+ Kd8 28. Qxh8+ Kc7 29. Qe5+ Kd8 30. Bc2 Rc8 31. Rbd1 b5 32. Nf3 Nc6 33. Rxd5+ Ke8 34. Rxc5 Nxe5 35. Rxc8+ Bxc8 36. Nxe5 Bb7+ 37. Kg1 b4 38. cxb4 c3 39. bxc3 a5 40. b5 a4 41. Nc6 a3 42. Be4 g5 43. f5 h5 44. f6 h4 45. Bg6+ Kf8 46. e7+ Kg8 47. e8Q# 1-0

[Event "GER-chT U12"]
[Site "Magdeburg"]
[Date "2017.12.29"]
[Round "6.1"]
[White "Toval, David"]
[Black "Strehse, Nelson"]
[Result "1/2-1/2"]
[WhiteElo "1759"]
[BlackElo "1452"]
[PlyCount "65"]
[EventDate "2017.12.26"]
[EventType "team-swiss"]
[EventRounds "7"]
[EventCountry "GER"]
[SourceTitle "CBM 182 Extra"]
[Source "ChessBase"]
[SourceDate "2018.02.23"]
[SourceVersion "1"]
[SourceVersionDate "2018.02.23"]
[SourceQuality "1"]
[WhiteTeam "Muenster"]
[BlackTeam "Koeln SF"]
[WhiteTeamCountry "GER"]
[BlackTeamCountry "GER"]

1. e4 e5 2. Nf3 Nc6 3. Bb5 d6 4. d4 exd4 5. Nxd4 Bd7 6. 0-0 g6 7. Nc3 Bg7 8. Be3 Nf6 9. Re1 0-0 10. Qd2 Re8 11. f3 Ne5 12. Bxd7 Qxd7 13. b3 d5 14. f4 Nc6 15. e5 Ng4 16. Rad1 Nxe3 17. Rxe3 Nxd4 18. Qxd4 c6 19. Ne4 Qe6 20. Nd6 Re7 21. Rf1 f6 22. Rfe1 fxe5 23. fxe5 Qxd6 24. exd6 Bxd4 25. dxe7 Bxe3+ 26. Rxe3 Kf7 27. Rh3 Kg7 28. g4 Re8 29. Re3 Kf7 30. Rh3 Kg7 31. Re3 Kf7 32. Rh3 Kg7 33. Re3 1/2-1/2

[Event "GER-chT U12"]
[Site "Magdeburg"]
[Date "2017.12.28"]
[Round "3.1"]
[White "Strehse, Nelson"]
[Black "Kittel, Lennart"]
[Result "0-1"]
[WhiteElo "1452"]
[BlackElo "1116"]
[PlyCount "38"]
[EventDate "2017.12.26"]
[EventType "team-swiss"]
[EventRounds "7"]
[EventCountry "GER"]
[SourceTitle "CBM 182 Extra"]
[Source "ChessBase"]
[SourceDate "2018.02.23"]
[SourceVersion "1"]
[SourceVersionDate "2018.02.23"]
[SourceQuality "1"]
[WhiteTeam "Koeln SF"]
[BlackTeam "Goeppingen"]
[WhiteTeamCountry "GER"]
[BlackTeamCountry "GER"]

1. e4 c5 2. Nf3 a6 3. c4 Nc6 4. d4 cxd4 5. Nxd4 Nf6 6. Nc3 e6 7. Be3 Bb4 8. Qd3 0-0 9. f3 d5 10. exd5 exd5 11. a3 Ba5 12. b4 Bc7 13. Bg5 Re8+ 14. Be2 dxc4 15. Bxf6 Qxf6 16. Qxc4 Qxd4 17. Qb3 Qd3 18. Rd1 Rxe2+ 19. Kf1 Rd2+ 0-1

[Event "GER-ch U10"]
[Site "Willingen"]
[Date "2017.06.07"]
[Round "6"]
[White "Von Mettenheim, Johannes"]
[Black "Strehse, Nelson"]
[Result "1-0"]
[WhiteElo "1407"]
[BlackElo "1362"]
[PlyCount "115"]
[EventDate "2017.06.04"]
[EventType "swiss"]
[EventRounds "11"]
[EventCountry "GER"]
[SourceTitle "CBM 178 Extra"]
[Source "ChessBase"]
[SourceDate "2017.06.22"]
[SourceVersion "1"]
[SourceVersionDate "2017.06.22"]
[SourceQuality "1"]

1. d4 d5 2. c4 e6 3. Nc3 Nf6 4. Bg5 Be7 5. e3 Nbd7 6. Nf3 0-0 7. Rc1 c6 8. Bd3 Re8 9. 0-0 dxc4 10. Bxc4 Nd5 11. Bxe7 Qxe7 12. Bd3 Nxc3 13. Rxc3 e5 14. Bb1 e4 15. Nd2 Nf6 16. Nb3 Bg4 17. Qc2 Nd5 18. Rc5 b6 19. Rc4 Qg5 20. Kh1 Re6 21. Rxc6 Rxc6 22. Qxc6 Rd8 23. Bxe4 Nf6 24. Bf3 Qh5 25. Qc7 Rf8 26. Bxg4 Qxg4 27. f3 Qh4 28. Qg3 Qh5 29. e4 Qb5 30. Qf2 a5 31. d5 a4 32. Nd4 Qc4 33. b3 axb3 34. axb3 Qc5 35. Nc6 Ra8 36. Qxc5 bxc5 37. h4 Ra3 38. b4 c4 39. b5 Nd7 40. Rc1 c3 41. Kh2 Kf8 42. Kg3 Nb6 43. Kf4 Ke8 44. Ke3 Kd7 45. Kd4 Na4 46. Kc4 Nb6+ 47. Kb4 Ra4+ 48. Kxc3 Rc4+ 49. Kd2 Kd6 50. Rxc4 Nxc4+ 51. Kc3 Kc5 52. Nd4 Ne3 53. d6 Kb6 54. Nc6 Kb7 55. d7 f5 56. d8Q Nd1+ 57. Kd4 fxe4 58. Qb8# 1-0

[Event "GER-ch U10"]
[Site "Willingen"]
[Date "2016.05.20"]
[Round "9.10"]
[White "Metzdorf, Matteo"]
[Black "Strehse, Nelson"]
[Result "1-0"]
[WhiteElo "1516"]
[BlackElo "1354"]
[PlyCount "150"]
[EventDate "2016.05.15"]
[EventType "swiss"]
[EventRounds "11"]
[EventCountry "GER"]
[SourceTitle "CBM 172 Extra"]
[Source "ChessBase"]
[SourceDate "2016.06.21"]
[SourceVersion "1"]
[SourceVersionDate "2016.06.21"]
[SourceQuality "1"]

1. e4 e5 2. Nf3 Nc6 3. Bb5 a6 4. Ba4 Nf6 5. 0-0 Nxe4 6. d4 Be7 7. dxe5 Nc5 8. Bb3 Nxb3 9. cxb3 0-0 10. Nc3 d6 11. Qe2 Bg4 12. exd6 Bxd6 13. Rd1 Ne5 14. Bf4 Re8 15. Bxe5 Rxe5 16. Qxe5 Bxf3 17. Qe3 Bxd1 18. Rxd1 Qe7 19. Qxe7 Bxe7 20. Rd7 Re8 21. g3 Bd6 22. Nd5 Rc8 23. Nb6 Re8 24. Nc4 Kf8 25. Nxd6 cxd6 26. Rxb7 Re1+ 27. Kg2 Rb1 28. Rb6 Rxb2 29. Rxa6 d5 30. Rd6 Rxa2 31. Rxd5 Rb2 32. Rd3 Ke7 33. Kf3 Ke6 34. Kg2 Kf5 35. Rd5+ Ke6 36. Rb5 Kf6 37. b4 Ke6 38. Rb7 Kf6 39. b5 Kg6 40. Rb6+ f6 41. Rb8 Kh6 42. b6 Kg6 43. h4 h6 44. b7 Kf5 45. Kh3 Kg6 46. Kg4 Rb4+ 47. Kf3 Rb3+ 48. Ke4 Rb1 49. Kd3 Rb2 50. Kc3 Rb1 51. g4 Rb5 52. Kc4 Rb1 53. Kd5 Rd1+ 54. Ke6 Re1+ 55. Kd7 Rd1+ 56. Ke8 Re1+ 57. Kf8 Rb1 58. Kg8 Rb2 59. f4 f5 60. h5+ Kf6 61. Rf8+ Ke6 62. gxf5+ Ke7 63. b8Q Rxb8 64. Rxb8 Kf6 65. Rf8+ Ke7 66. Kxg7 Kd6 67. Re8 Kd7 68. Re1 Kd6 69. f6 Kd5 70. f7 Kd4 71. f8R Kd3 72. Rd8+ Kc2 73. Re7 Kc3 74. Rc7+ Kb4 75. Rb8+ Ka5 1-0

[Event "GER-ch U10"]
[Site "Willingen"]
[Date "2016.05.18"]
[Round "7.15"]
[White "Hagenbeck Huebert, Ben"]
[Black "Strehse, Nelson"]
[Result "0-1"]
[WhiteElo "1428"]
[BlackElo "1354"]
[PlyCount "104"]
[EventDate "2016.05.15"]
[EventType "swiss"]
[EventRounds "11"]
[EventCountry "GER"]
[SourceTitle "CBM 172 Extra"]
[Source "ChessBase"]
[SourceDate "2016.06.21"]
[SourceVersion "1"]
[SourceVersionDate "2016.06.21"]
[SourceQuality "1"]

1. e4 e5 2. Nf3 Nc6 3. Nc3 Nf6 4. Bb5 Bb4 5. a3 Bxc3 6. dxc3 d6 7. Bc4 0-0 8. Bg5 Be6 9. Bb3 Bxb3 10. cxb3 Qe7 11. 0-0 Qe6 12. Nd2 h6 13. Be3 Ng4 14. Qe2 Nxe3 15. Qxe3 Rad8 16. Rad1 b6 17. f4 exf4 18. Qxf4 Ne5 19. Qf5 Qxf5 20. Rxf5 Ng4 21. Rf4 Ne5 22. Nf1 Rfe8 23. Ng3 Nd7 24. Rf2 Nc5 25. Rdf1 Rd7 26. b4 Nxe4 27. Re1 Rde7 28. Rfe2 d5 29. c4 c6 30. b5 Kf8 31. bxc6 Nxg3 32. Rxe7 Rxe7 33. Rxe7 Kxe7 34. hxg3 dxc4 35. c7 Kd7 36. c8Q+ Kxc8 37. Kf2 Kc7 38. Ke3 Kd6 39. Kd4 b5 40. a4 a6 41. a5 f5 42. Ke3 Ke5 43. Kf3 b4 44. Ke3 c3 45. bxc3 b3 46. Kd2 Ke4 47. Kc1 Kd3 48. Kb2 Kc4 49. Kb1 Kxc3 50. Kc1 g5 51. g4 fxg4 52. g3 h5 0-1

[Event "GER-ch U10"]
[Site "Willingen"]
[Date "2016.05.18"]
[Round "6.11"]
[White "Strehse, Nelson"]
[Black "Hagner, Bennet"]
[Result "0-1"]
[WhiteElo "1354"]
[BlackElo "1370"]
[PlyCount "108"]
[EventDate "2016.05.15"]
[EventType "swiss"]
[EventRounds "11"]
[EventCountry "GER"]
[SourceTitle "CBM 172 Extra"]
[Source "ChessBase"]
[SourceDate "2016.06.21"]
[SourceVersion "1"]
[SourceVersionDate "2016.06.21"]
[SourceQuality "1"]

1. e4 e5 2. Nf3 Nc6 3. Nc3 Nf6 4. d4 exd4 5. Nxd4 Bb4 6. Nxc6 bxc6 7. Bd3 0-0 8. 0-0 d5 9. exd5 cxd5 10. Bg5 c6 11. Qf3 Bd6 12. Bxf6 Qxf6 13. Qxf6 gxf6 14. Rfe1 Rb8 15. Rab1 Kh8 16. b3 Bb4 17. Re7 Bxc3 18. Rxa7 Be6 19. a4 Bd4 20. Rc7 Rfc8 21. Rxc8+ Rxc8 22. Rc1 c5 23. c3 Be5 24. Kf1 Re8 25. c4 d4 26. g3 Rb8 27. Bc2 d3 28. Bxd3 Rxb3 29. Be2 Ra3 30. Bd1 Bd7 31. f4 Bd4 32. Rb1 Bxa4 33. Bxa4 Rxa4 34. Rc1 Ra2 35. h3 Rh2 36. Re1 Rf2+ 37. Kg1 Rc2+ 38. Kf1 Rxc4 39. Re7 Kg7 40. Kg2 Rc2+ 41. Kf3 Rf2+ 42. Kg4 Kg6 43. h4 h5+ 44. Kh3 Rd2 45. f5+ Kxf5 46. Rxf7 Bg1 47. g4+ hxg4+ 48. Kg3 Bf2+ 49. Kg2 Bxh4+ 50. Kf1 Kf4 51. Re7 Kf3 52. Re1 Bxe1 53. Kxe1 Rd3 54. Kf1 Rd1# 0-1